书目信息 |
| 题名: |
古建筑修缮工程消耗量定额
|
|
| 作者: | ;刘红生 , 张天峰 编制 ;河南省建筑工程标准定额站 , 河南省基本建设科学实验研究院公司 , 中国 主编 | |
| 分册: | 第二册 宋式建筑 | |
| 出版信息: | 北京 中国计划出版社 2018.11 |
|
| 页数: | 426页 | |
| 开本: | 30cm | |
| 丛书名: | ||
| 单 册: | ||
| 中图分类: | TU723.34 | |
| 科图分类: | ||
| 主题词: | 古建筑--gu jian zhu--修缮加固--工程施工--消耗定额 | |
| 电子资源: | ||
| ISBN: | 978-7-5182-0953-8 | |
| 000 | 01735nam 2200301 450 | |
| 001 | 012019000814 | |
| 005 | 20201102120525.01 | |
| 010 | @a978-7-5182-0953-8@dCNY152.00 | |
| 100 | @a20190130d2018 em y0chiy50 ea | |
| 101 | 0 | @achi |
| 102 | @aCN@b110000 | |
| 105 | @ak z 000yy | |
| 200 | 1 | @a古建筑修缮工程消耗量定额@Agu jian zhu xiu shan gong cheng xiao hao liang ding e@eTY01-01 (03)-2018@h第二册@i宋式建筑@f中华人民共和国住房和城乡建设部@Fzhong hua ren min gong he guo zhu fang he cheng xiang jian she bu |
| 210 | @a北京@c中国计划出版社@d2018.11 | |
| 215 | @a426页@d30cm | |
| 300 | @a批准部门: 中华人民共和国住房和城乡建设部 执行日期: 2018年12月1日 | |
| 314 | @a版权页题: 河南省建筑工程标准定额站, 河南省基本建设科学实验研究院有限公司主编; 本书编制人员: 刘红生, 张天峰, 徐佩莹, 赵忠爱, 王俊伟等 | |
| 330 | @a《古建筑修缮工程消耗量定额》第二册 宋式建筑 (以下简称本册定额) 包括石作工程、砌体工程、地面工程、屋面工程、木构架及木基层、铺作、木装修、抹灰工程、彩画工程及脚手架工程共10章2829个子目。本册定额是依据宋式古建筑的有关文献、技术资料、施工验收规范, 结合近年来宋式古建筑修缮工程实例编制的。 | |
| 517 | 1 | @a宋式建筑@Asong shi jian zhu |
| 606 | 0 | @a古建筑@Agu jian zhu@x修缮加固@x工程施工@x消耗定额 |
| 690 | @aTU723.34@v5 | |
| 702 | 0 | @a刘红生@Aliu hong sheng@4编制 |
| 702 | 0 | @a张天峰@Azhang tian feng@4编制 |
| 711 | 02 | @a河南省建筑工程标准定额站@Ahe nan sheng jian zhu gong cheng biao zhun ding e zhan@4主编 |
| 711 | 02 | @a河南省基本建设科学实验研究院公司@Ahe nan sheng ji ben jian she ke xue shi yan yan jiu yuan gong si@4主编 |
| 711 | 01 | @a中国@Azhong guo@b住房和城乡建设部@Bzhu fang he cheng xiang jian she bu@4主编 |
| 801 | 0 | @aCN@c20190826 |
| 905 | @a河南城建学院图书馆@b21418579@dTU723.34@eH279:2@f1 | |
| 古建筑修缮工程消耗量定额:TY01-01 (03)-2018.第二册.宋式建筑/中华人民共和国住房和城乡建设部.-北京:中国计划出版社,2018.11 |
| 426页;30cm |
| 批准部门: 中华人民共和国住房和城乡建设部 执行日期: 2018年12月1日 |
| ISBN 978-7-5182-0953-8:CNY152.00 |
| 《古建筑修缮工程消耗量定额》第二册 宋式建筑 (以下简称本册定额) 包括石作工程、砌体工程、地面工程、屋面工程、木构架及木基层、铺作、木装修、抹灰工程、彩画工程及脚手架工程共10章2829个子目。本册定额是依据宋式古建筑的有关文献、技术资料、施工验收规范, 结合近年来宋式古建筑修缮工程实例编制的。 |
| ● |
| 相关链接 |
|
|
|
正题名:古建筑修缮工程消耗量定额
索取号:TU723.34/H279:2
 
预约/预借
| 序号 | 登录号 | 条形码 | 馆藏地/架位号 | 状态 | 备注 |
| 1 | 1418579 | 214185790 | 建筑库201/201建筑库 70排1列4层/ [索取号:TU723.34/H279:2] | 在馆 | |
| 2 | 1502072 | 215020723 | 管理学院资料室/ [索取号:TU723.34/H279:2] | 在馆 | |
| 3 | 1502073 | 215020732 | 管理学院资料室/ [索取号:TU723.34/H279:2] | 在馆 | |
| 4 | 1502074 | 215020741 | 管理学院资料室/ [索取号:TU723.34/H279:2] | 在馆 | |
| 5 | 1502075 | 215020750 | 管理学院资料室/ [索取号:TU723.34/H279:2] | 在馆 | |
| 6 | 1502076 | 215020769 | 管理学院资料室/ [索取号:TU723.34/H279:2] | 在馆 |